[Event "Challenge"]
[Site "http://www.queenalice.com/game.php?id=21488"]
[Date "2005.7.26"]
[Round "-"]
[White "atomic"]
[Black "ograum"]
[Result "1/2-1/2"]
[WhiteElo "1704"]
[BlackElo "899"]

1. e4 d5 2. exd5 Qxd5 3. Nc3 Qe5+ 4. Qe2 Qxe2+ 5. Ncxe2 Bg4 6. h3 Bxe2 7. Bxe2
e5 8. Bf3 c6 9. d3 Bc5 10. Be3 Bxe3 11. fxe3 Na6 12. O-O-O Nf6 13. Ne2 Nd7 14.
Bg4 Ndc5 15. d4 Ne4 16. Rhf1 Nb4 17. c3 Nxa2+ 18. Kb1 a5 19. Kxa2 O-O 20. Bf3
Ng5 21. h4 Ne6 22. Ng3 Rad8 23. Bg4 Nc7 24. dxe5 Nd5 25. Nf5 Rfe8 26. c4 Nb4+
27. Ka3 g6 28. Nh6+ Kg7 29. Nf5+ Kf8 30. Nd6 Rxe5 31. Nxb7 Rde8 32. Rd8 Rxe3+
33. Ka4 Rg3 34. Bd7 Rxd8 35. Nxd8 Ke7 36. Kxa5 Nd3 37. Rxf7+ Kxd8 38. Bxc6 h5
39. b4 Ne5 40. Rf6 Rg4 41. b5 Rxc4 42. b6 Rxc6 43. Rxc6 Nxc6+ 44. Ka6 Kc8 45.
Kb5 Nd4+ 46. Ka6 Nc6 47. b7+ Kb8 48. Kb6 Nd8 49. g3 Nxb7 50. Kc6 Nd8+ 51. Kd5
Nf7 52. Ke4 Nh6 53. Kf4 Nf5 54. Kg5 Nxg3 55. Kxg6 Kc7 56. Kg5 Kd6 1/2-1/2

[Event "AUTO-BEG-05"]
[Site "http://www.queenalice.com/game.php?id=21911"]
[Date "2005.7.29"]
[Round "1"]
[White "ograum"]
[Black "Samuel"]
[Result "0-1"]
[WhiteElo "918"]
[BlackElo "993"]

1. d4 e5 2. e3 d5 3. f4 exf4 4. exf4 Bb4+ 5. c3 Ba5 6. b4 Bb6 7. Bb5+ Bd7 8.
Qe2+ Kf8 9. a4 g6 10. Nh3 f5 11. Qe5 c5 12. Qxh8 Qf6 13. Qxh7 g5 14. Nxg5 a6 0-1

[Event "AUTO-BEG-05"]
[Site "http://www.queenalice.com/game.php?id=21912"]
[Date "2005.7.29"]
[Round "1"]
[White "Samuel"]
[Black "ograum"]
[Result "1-0"]
[WhiteElo "979"]
[BlackElo "932"]

1. h4 f5 2. d4 e6 3. e4 fxe4 4. f3 exf3 5. gxf3 b6 6. b4 Ba6 7. Bxa6 Nxa6 8. Nh3
Bxb4+ 9. Qd2 Bxd2+ 10. Kxd2 Qxh4 11. Nc3 Nf6 12. Ne4 Nxe4+ 13. fxe4 Qxe4 14. Ng5
Qxd4+ 15. Ke1 1-0

[Event "AUTO-BEG-05"]
[Site "http://www.queenalice.com/game.php?id=21913"]
[Date "2005.7.29"]
[Round "1"]
[White "ograum"]
[Black "reimlima"]
[Result "1/2-1/2"]
[WhiteElo "890"]
[BlackElo "912"]

1. d4 Nc6 2. c3 Nf6 3. e3 d5 4. Bb5 Ne4 5. Bxc6+ bxc6 6. Na3 g6 7. Qa4 Bb7 8.
Nf3 h5 9. Ne5 f5 10. Nxg6 Bg7 11. Nxh8 Bxh8 12. f3 Ng5 13. g4 Nxf3+ 14. Kf2 Ng5
15. Qb4 Nh3+ 16. Kg2 hxg4 17. Rf1 e6 18. Qxb7 a5 19. Qxc6+ Ke7 20. Nc2 Qc8 21.
Ne1 Ra6 22. Qb5 Qa8 23. Nd3 a4 24. Qc5+ Kd7 25. Ne5+ Ke8 26. e4 dxe4 27. Ng6 Bf6
28. Bf4 e3+ 29. Kg3 Ra5 30. Qb4 e2 31. Rfe1 Qa7 32. Rxe2 c5 33. Qc4 a3 34. Rxe6+
Kf7 35. Nh4 axb2 36. Rb1 Rxa2 37. Nxf5 Kg6 38. Nd6 Ng1 39. Qxc5 Ne2+ 40. Kxg4
Ra1 41. Rxb2 Rg1+ 42. Kf3 Qxc5 43. dxc5 Nxc3 44. Rg2+ Rxg2 45. Kxg2 Nd5 46. Re5
Nxf4+ 47. Kg3 Bxe5 48. Ne4 Ne6+ 49. Kg2 Kf5 50. Nd6+ Kf4 51. Nc4 Bd4 52. c6 Ke4
53. Nd2+ Kd3 54. Nf3 Be3 55. h4 Ke2 56. h5 Kd3 57. Kg3 Ke4 58. Kg4 Kd5 59. Ng5
Bxg5 60. c7 Nxc7 61. Kxg5 Ne6+ 62. Kg6 Nf4+ 63. Kg5 Ke5 64. h6 Ne6+ 65. Kg6 Nf8+
66. Kg7 Ne6+ 67. Kf7 Ng5+ 68. Kg6 Kf4 69. Kf6 Kg4 70. Kg6 Kh4 71. h7 Nxh7 72.
Kxh7 Kh5 73. Kg7 1/2-1/2

[Event "AUTO-BEG-05"]
[Site "http://www.queenalice.com/game.php?id=21914"]
[Date "2005.7.29"]
[Round "1"]
[White "reimlima"]
[Black "ograum"]
[Result "0-1"]
[WhiteElo "900"]
[BlackElo "854"]

1. e4 e6 2. d4 d5 3. Nc3 c6 4. Bf4 Bd6 5. e5 Bb4 6. Ne2 Bxc3+ 7. Nxc3 f5 8. Bd3
g6 9. h4 b5 10. O-O Qxh4 11. Ne2 g5 12. g3 Qg4 13. Qd2 gxf4 14. Nxf4 h5 15. b3
Nh6 16. a4 Na6 17. c4 dxc4 18. bxc4 bxc4 19. Bxc4 Rb8 20. Nxe6 Bxe6 21. Bxe6 Rb4
22. Bc8 Rxd4 23. Qb2 Ke7 24. Bxa6 Rhd8 25. Rac1 Nf7 26. Rxc6 Qe4 27. Bb7 Qxe5
28. Rfc1 Ng5 29. Rc7+ R8d7 30. Qa3+ Qd6 31. R1c5 Nf3+ 32. Kf1 f4 33. Ke2 Rd3 34.
Qxd3 Qxd3# 0-1

[Event "Challenge"]
[Site "http://www.queenalice.com/game.php?id=23043"]
[Date "2005.8.7"]
[Round "-"]
[White "Alarasu"]
[Black "ograum"]
[Result "1-0"]
[WhiteElo "1987"]
[BlackElo "872"]

1. e4 e6 2. d4 d5 3. Nc3 Bb4 4. e5 Bxc3+ 5. bxc3 Nc6 6. Qg4 f5 7. Qxg7 Qe7 8.
Qxh8 Qf7 9. Nh3 Bd7 10. Ng5 Qe7 11. Qxg8+ Qf8 12. Qxf8+ Kxf8 13. Nxh7+ Kg7 14.
Nf6 1-0

[Event "Challenge"]
[Site "http://www.queenalice.com/game.php?id=23699"]
[Date "2005.8.11"]
[Round "-"]
[White "paulmorphy"]
[Black "ograum"]
[Result "1-0"]
[WhiteElo "1714"]
[BlackElo "872"]

1. e4 e6 2. d4 d5 3. Nc3 Bb4 4. Bd2 Bxc3 5. Bxc3 dxe4 6. Qg4 Qf6 7. Qxe4 Bd7 8.
Qxb7 Bc6 9. Qxc7 Ne7 10. Ba5 Qxd4 11. Rd1 Qxb2 12. Qd8# 1-0

[Event "RG = Rudi Gay"]
[Site "http://www.queenalice.com/game.php?id=27286"]
[Date "2005.9.4"]
[Round "-"]
[White "SGrillo"]
[Black "ograum"]
[Result "1-0"]
[WhiteElo "1579"]
[BlackElo "901"]

1. d4 d5 2. Nc3 e6 3. a3 a5 4. Nf3 f5 5. Bg5 Be7 6. Bxe7 Nxe7 7. g3 c6 8. e3 Qb6
9. b3 Ng6 10. Bg2 Nd7 11. Ng5 Ndf8 12. Na4 Qd8 13. O-O b5 14. Nc5 h6 15. Nf3 Ba6
16. Re1 b4 17. a4 Nd7 18. Nxd7 Qxd7 19. Bf1 Qb7 20. Bxa6 Rxa6 21. Rc1 O-O 22.
Ne5 Nxe5 23. dxe5 c5 24. f4 c4 25. h4 cxb3 26. cxb3 Rc8 27. Rxc8+ Qxc8 28. Qc1
Rc6 29. Qb1 Qa6 30. Rc1 Rb6 31. Kf2 Rc6 32. Rxc6 Qxc6 33. Ke2 d4 34. exd4 Qe4+
35. Qxe4 fxe4 36. Ke3 Kf7 37. Kxe4 Ke7 38. d5 exd5+ 39. Kxd5 Kf7 40. Kd6 Ke8 41.
e6 Kd8 42. e7+ Ke8 43. g4 g6 44. h5 gxh5 45. gxh5 Kf7 46. Kd7 1-0

[Event "dinho branco"]
[Site "http://www.queenalice.com/game.php?id=27299"]
[Date "2005.9.4"]
[Round "-"]
[White "Dinho"]
[Black "ograum"]
[Result "1-0"]
[WhiteElo "1572"]
[BlackElo "903"]

1. e4 e6 2. f4 d5 3. exd5 exd5 4. d4 Nf6 5. Nc3 Bb4 6. Bd2 Bxc3 7. Bxc3 Ng4 8.
Qe2+ Be6 9. f5 O-O 10. fxe6 fxe6 11. Qxe6+ Rf7 12. Qxg4 Qe8+ 13. Be2 Nc6 14.
O-O-O Rf2 15. Bf3 a5 16. Bxd5+ Kf8 17. Nh3 Re2 18. Bxc6 Qxc6 19. Qxe2 Re8 20.
Rhf1+ Kg8 21. d5 Qh6+ 22. Kb1 Rxe2 23. d6 cxd6 24. Bd4 Rxg2 25. Be5 dxe5 26.
Rd8# 1-0

[Event "dinho preto"]
[Site "http://www.queenalice.com/game.php?id=27300"]
[Date "2005.9.4"]
[Round "-"]
[White "ograum"]
[Black "Dinho"]
[Result "0-1"]
[WhiteElo "905"]
[BlackElo "1613"]

1. a4 c5 2. d4 d6 3. c3 b6 4. Bf4 Nf6 5. Bg5 e5 6. Bxf6 Qxf6 7. Nf3 Bb7 8. Nfd2
exd4 9. cxd4 Qxd4 10. Na3 Qxb2 11. Ndc4 Qc3+ 12. Nd2 Nc6 13. Rc1 Qxa3 14. e3 Be7
15. Qb3 Qxc1+ 16. Ke2 Bg5 17. g4 Nd4+ 18. exd4 Qxd2# 0-1

[Event "vaieeeeee"]
[Site "http://www.queenalice.com/game.php?id=28157"]
[Date "2005.9.11"]
[Round "-"]
[White "Morbid"]
[Black "ograum"]
[Result "1-0"]
[WhiteElo "1485"]
[BlackElo "907"]

1. e4 e6 2. Qf3 f5 3. exf5 exf5 4. Qxf5 Qf6 5. Qxf6 gxf6 6. b3 d6 7. Bb2 Nh6 8.
Bxf6 Rg8 9. Bd3 Rxg2 10. Be4 Rg4 11. f3 Rf4 12. Bxh7 Rxf6 13. Nc3 Nc6 14. Nd5
Rf7 15. Bg6 Be6 16. Nxc7+ 1-0

[Event "weeeeee"]
[Site "http://www.queenalice.com/game.php?id=28158"]
[Date "2005.9.11"]
[Round "-"]
[White "ograum"]
[Black "Morbid"]
[Result "0-1"]
[WhiteElo "913"]
[BlackElo "1490"]

1. d4 f5 2. f4 e6 3. Nf3 Qf6 4. e3 d5 5. Nc3 Bb4 6. a4 Bxc3+ 7. bxc3 b6 8. h4
Ba6 9. Bxa6 Nxa6 10. Ne5 Ne7 11. a5 bxa5 12. Rxa5 Nb8 13. Ba3 Nbc6 14. Ra6 Nxe5
15. fxe5 Qg6 16. Bxe7 Qxg2 17. Rf1 Qg3+ 18. Rf2 Kxe7 19. Qf3 Qxh4 20. Rc6 Kd7
21. Rc5 Rab8 22. Qf4 Qh1+ 23. Rf1 g5 24. Qf2 Rb1+ 25. Ke2 Qh5+ 26. Kd3 Rxf1 27.
Qxf1 g4 28. Qb1 Rc8 29. Qb7 Qh1 30. c4 Qe4+ 31. Kc3 Qxe3+ 32. Kb4 Qxd4 33. Qc6+
Kd8 34. c3 Rb8+ 35. Rb5 Qxc4+ 36. Qxc4 dxc4 37. Rxb8+ Kd7 38. Ra8 g3 39. Kxc4 f4
40. Rf8 g2 41. Rg8 f3 42. Kd3 f2 43. Rxg2 f1=Q+ 44. Re2 Qf3+ 45. Re3 Qd5+ 46.
Ke2 a5 47. Rd3 Qxd3+ 48. Kxd3 c5 0-1

[Event "Challenge"]
[Site "http://www.queenalice.com/game.php?id=29995"]
[Date "2005.9.22"]
[Round "-"]
[White "ograum"]
[Black "toura"]
[Result "0-1"]
[WhiteElo "911"]
[BlackElo "1044"]

1. e4 e6 2. d3 d5 3. f4 c5 4. b3 Nc6 5. Be3 d4 6. Bd2 Nf6 7. Nf3 Bd6 8. Na3 a6
9. Ng5 O-O 10. h4 h6 11. Nf3 Ng4 12. Nc4 Be7 13. Ne3 Nxe3 14. Bxe3 dxe3 15. Ne5
Nxe5 16. fxe5 Qa5+ 17. Ke2 Qd2+ 18. Qxd2 exd2 19. Kxd2 b5 20. g4 Bb7 21. c4 b4
22. g5 hxg5 23. hxg5 Bxg5+ 24. Kc2 Rad8 25. Be2 f6 26. Rh5 Bh6 27. exf6 Rxf6 28.
Rf1 Rdf8 29. Rfh1 Rf2 30. Kd1 Rc8 31. Bg4 Rc6 32. Ke1 Rxa2 33. Re5 Ra1+ 34. Bd1
Kf7 35. Rf1+ Ke7 36. Ke2 Ra2+ 37. Ke1 Bd2+ 38. Ke2 Bf4+ 0-1